[Event "Titled Tuesday intern op 16th Apr Early"]
[Site "Chess.com INT"]
[Date "2024.04.16"]
[Round "3"]
[White "Bagwe, Gaurang"]
[Black "Kadric, Denis"]
[Result "0-1"]
[WhiteElo "2300"]
[BlackElo "2558"]
[PlyCount "146"]
[EventDate "2024.04.16"]
[EventType "swiss (blitz)"]
[EventRounds "11"]
[EventCountry "USA"]
[SourceTitle "CB17_2024"]
[SourceDate "2024.04.24"]
[SourceVersion "1"]
[SourceVersionDate "2024.04.24"]
[SourceQuality "1"]

1. e4 d6 2. d3 g6 3. Nd2 Bg7 4. c3 c5 5. Ngf3 Nc6 6. g3 Nh6 7. Bg2 0-0 8. 0-0 b6 9. Nc4 Bb7 10. Bg5 f6 11. Bxh6 Bxh6 12. d4 Kh8 13. d5 Ne5 14. Nfxe5 fxe5 15. Bh3 Rf6 16. Ne3 Bxe3 17. fxe3 Ba6 18. Rf3 Qf8 19. Rxf6 exf6 20. Qa4 Bc8 21. Bxc8 Qxc8 22. Rf1 Kg7 23. c4 Qb7 24. Rf2 a6 25. b3 b5 26. Qa5 Rb8 27. Kg2 Qb6 28. Qa3 bxc4 29. bxc4 Qb1 30. Qxa6 Qxe4+ 31. Kh3 Rf8 32. Qxd6 g5 33. Qe6 h5 34. Qf5 Qxc4 35. d6 Qd5 36. d7 Rf7 37. a4 Qxd7 38. Qxd7 Rxd7 39. Rc2 Ra7 40. Rc4 Kf7 41. Kg2 Ke6 42. e4 Kd6 43. Kf3 Rb7 44. Rc2 Rb4 45. Ra2 Kc6 46. Ke3 Kb6 47. Kd3 Ka5 48. h3 Rxa4 49. Rxa4+ Kxa4 50. Kc4 Ka3 51. Kxc5 Kb3 52. Kd5 Kc3 53. Ke6 Kd4 54. Kf5 h4 55. g4 Ke3 56. Kxf6 Kxe4 57. Kxg5 Kf3 58. Kf5 e4 59. g5 e3 60. g6 e2 61. g7 e1Q 62. g8Q Qe4+ 63. Kf6 Qf4+ 64. Ke7 Qc7+ 65. Kf6 Qd6+ 66. Kf5 Qd7+ 67. Kf6 Qxh3 68. Qb3+ Kg2 69. Qc2+ Kh1 70. Qd1+ Kh2 71. Qd6+ Qg3 72. Qd2+ Kg1 73. Qd1+ Kg2 0-1

[Event "Titled Tuesday intern op 16th Apr Early"]
[Site "Chess.com INT"]
[Date "2024.04.16"]
[Round "5"]
[White "Bagwe, Gaurang"]
[Black "Matveeva, Olga"]
[Result "1-0"]
[WhiteElo "2300"]
[BlackElo "2156"]
[PlyCount "101"]
[EventDate "2024.04.16"]
[EventType "swiss (blitz)"]
[EventRounds "11"]
[EventCountry "USA"]
[SourceTitle "CB17_2024"]
[SourceDate "2024.04.24"]
[SourceVersion "1"]
[SourceVersionDate "2024.04.24"]
[SourceQuality "1"]

1. e4 c6 2. d4 d5 3. exd5 cxd5 4. c4 Nf6 5. Nc3 Nc6 6. Nf3 a6 7. cxd5 Nxd5 8. Bd3 e6 9. 0-0 Be7 10. Re1 0-0 11. Qe2 Nxc3 12. bxc3 Bd7 13. Bf4 Rc8 14. Rad1 Bf6 15. Ne5 Ne7 16. Qe4 g6 17. Qxb7 Bc6 18. Qxa6 Ba8 19. Ng4 Bg7 20. Be5 Rxc3 21. Nf6+ Kh8 22. d5 Nxd5 23. Nxd5 Qxd5 24. Bxg7+ Kxg7 25. Be4 Qc4 26. Qa5 Bxe4 27. Rxe4 Qc7 28. Qa4 Rc1 29. Qd4+ Kg8 30. Ree1 Rxd1 31. Rxd1 Rc8 32. h4 Qc4 33. a4 Qxd4 34. Rxd4 Rc1+ 35. Kh2 Ra1 36. Rb4 Kg7 37. g3 h6 38. Kg2 g5 39. Kf3 Kg6 40. Ke3 gxh4 41. Rxh4 f5 42. Rb4 e5 43. Kd3 Ra3+ 44. Kc4 Kg5 45. Kb5 Ra2 46. f4+ exf4 47. Rxf4 Ra3 48. a5 Rxg3 49. Ra4 Rb3+ 50. Kc6 Rb8 51. a6 1-0

[Event "Titled Tuesday intern op 16th Apr Early"]
[Site "Chess.com INT"]
[Date "2024.04.16"]
[Round "2"]
[White "Zhao, Jun"]
[Black "Bagwe, Gaurang"]
[Result "1/2-1/2"]
[WhiteElo "2545"]
[BlackElo "2300"]
[PlyCount "156"]
[EventDate "2024.04.16"]
[EventType "swiss (blitz)"]
[EventRounds "11"]
[EventCountry "USA"]
[SourceTitle "CB17_2024"]
[SourceDate "2024.04.24"]
[SourceVersion "1"]
[SourceVersionDate "2024.04.24"]
[SourceQuality "1"]

1. c4 Nf6 2. Nf3 e6 3. Nc3 d5 4. e3 c5 5. d4 a6 6. cxd5 exd5 7. Be2 Nc6 8. 0-0 Be7 9. dxc5 Bxc5 10. b3 0-0 11. Bb2 h6 12. Rc1 Be7 13. Na4 Bg4 14. Nd4 Bxe2 15. Qxe2 Rc8 16. Nf5 Bb4 17. a3 Ba5 18. Nc5 Bc7 19. Qf3 Ne5 20. Qh3 Neg4 21. Bxf6 Nxf6 22. Nxb7 Qd7 23. Nc5 Qd8 24. Nxa6 Ne4 25. Nxc7 Rxc7 26. Qg4 g6 27. Nd4 Qe7 28. a4 Nc3 29. Rc2 Rfc8 30. Rfc1 Qa3 31. h4 Qb4 32. h5 Kh7 33. hxg6+ fxg6 34. g3 Qe7 35. Kg2 h5 36. Qe6 Qb4 37. Rh1 Ne4 38. Rxc7+ Rxc7 39. Qxd5 Nxf2 40. Kxf2 Qd2+ 41. Kf3 Re7 42. Rxh5+ gxh5 43. Qxh5+ Kg8 44. Qg5+ Rg7 45. Qd8+ Kh7 46. Qh4+ Kg8 47. Qd8+ Kh7 48. Qd5 Qd1+ 49. Kf2 Qd2+ 50. Kf3 Qd1+ 51. Kg2 Qe2+ 52. Kh3 Qg4+ 53. Kg2 Qxg3+ 54. Kf1 Qh3+ 55. Ke2 Qh2+ 56. Kd3 Qg1 57. Qf5+ Kg8 58. Qd5+ Kh7 59. a5 Qd1+ 60. Kc3 Rc7+ 61. Kb4 Qd2+ 62. Kb5 Qc3 63. Kb6 Rg7 64. Qe4+ Kh8 65. Qe8+ Kh7 66. Qh5+ Kg8 67. Qd5+ Kh7 68. Ne6 Rg6 69. Qh5+ Rh6 70. Qf7+ Kh8 71. Ka7 Qxe3+ 72. Ka8 Qxe6 73. Qxe6 Rxe6 74. b4 Re5 75. Ka7 Rb5 76. Ka8 Rxb4 77. a6 Rb6 78. a7 Rb1 1/2-1/2

[Event "Qatar Masters op"]
[Site "Doha"]
[Date "2023.10.19"]
[Round "8"]
[White "Rakhmatullaev, Almas"]
[Black "Bagwe, Gaurang"]
[Result "1-0"]
[WhiteElo "2389"]
[BlackElo "2348"]
[PlyCount "71"]
[EventDate "2023.10.11"]
[EventType "swiss"]
[EventRounds "9"]
[EventCountry "QAT"]
[SourceTitle "Mega2024 Update 01"]
[Source "Chessbase"]
[SourceDate "2023.11.12"]
[SourceVersion "1"]
[SourceVersionDate "2023.11.12"]
[SourceQuality "1"]

1. e4 c5 2. Nf3 d6 3. d4 cxd4 4. Qxd4 Nc6 5. Qe3 Nf6 6. Be2 g6 7. h3 Bg7 8. 0-0 0-0 9. Rd1 Bd7 10. c4 a5 11. Nc3 a4 12. Rb1 Qc8 13. b4 axb3 14. axb3 Nb4 15. Bb2 Qc7 16. Rbc1 Rfc8 17. e5 dxe5 18. Nxe5 Na2 19. Nxd7 Nxd7 20. Nd5 Qc5 21. Nxe7+ Kf8 22. Nxc8 Bxb2 23. Rc2 Bf6 24. Rxd7 Qxc8 25. Bg4 Qc6 26. Qd2 h5 27. Rxa2 Rxa2 28. Qxa2 hxg4 29. Qa8+ Kg7 30. Qe8 Qa6 31. Qxf7+ Kh6 32. Qf8+ Kh5 33. Rh7+ Kg5 34. Qc5+ Kf4 35. g3+ Ke4 36. Qd5# 1-0

[Event "Qatar Masters op"]
[Site "Doha"]
[Date "2023.10.18"]
[Round "7"]
[White "Bagwe, Gaurang"]
[Black "Arhan, Chethan Anand"]
[Result "0-1"]
[WhiteElo "2348"]
[BlackElo "2395"]
[PlyCount "120"]
[EventDate "2023.10.11"]
[EventType "swiss"]
[EventRounds "9"]
[EventCountry "QAT"]
[SourceTitle "Mega2024 Update 01"]
[Source "Chessbase"]
[SourceDate "2023.11.12"]
[SourceVersion "1"]
[SourceVersionDate "2023.11.12"]
[SourceQuality "1"]

1. e4 c5 2. Nf3 d6 3. d4 cxd4 4. Nxd4 Nf6 5. Nc3 Nc6 6. Bg5 e6 7. Qd2 a6 8. 0-0-0 Bd7 9. Kb1 Nxd4 10. Qxd4 Be7 11. f3 Qc7 12. h4 h6 13. Be3 h5 14. Be2 b5 15. g4 hxg4 16. fxg4 b4 17. Qxb4 Rb8 18. Qd4 0-0 19. g5 Rfc8 20. Bxa6 Nxe4 21. Nxe4 Qxc2+ 22. Ka1 e5 23. Qd2 Qxe4 24. Bxc8 Bxc8 25. Qd3 Qa8 26. Qa3 Qb7 27. Rh2 Be6 28. Qc3 Qa8 29. Qa3 Qe4 30. Qd3 Qa4 31. a3 d5 32. Qc2 Qa6 33. Qc7 Bd6 34. Qa7 Qb5 35. g6 Qb3 36. gxf7+ Kf8 37. Rd4 Qxe3 38. Qa6 Qg1+ 39. Ka2 Rd8 40. Rdd2 d4+ 41. b3 Bf5 42. Rb2 Bb1+ 43. Rxb1 Qxh2+ 44. Rb2 Qf4 45. h5 Be7 46. Rg2 Qe4 47. Qg6 Qxg6 48. hxg6 Bf6 49. Kb1 e4 50. Kc1 e3 51. Rh2 Ke7 52. Rh3 Bg5 53. Kd1 d3 54. Rh1 e2+ 55. Ke1 Bh4+ 56. Kd2 e1Q+ 57. Rxe1+ Bxe1+ 58. Kxe1 Ra8 59. a4 Rb8 60. f8Q+ Kxf8 0-1

[Event "Titled Tuesday intern op 26th Sep Early"]
[Site "Chess.com INT"]
[Date "2023.09.26"]
[Round "6"]
[White "Bagwe, Gaurang"]
[Black "Bacrot, Etienne"]
[Result "0-1"]
[WhiteElo "2348"]
[BlackElo "2660"]
[PlyCount "90"]
[EventDate "2023.09.26"]
[EventType "swiss (blitz)"]
[EventRounds "11"]
[EventCountry "USA"]
[SourceTitle "EXT 2024"]
[Source "ChessBase"]
[SourceDate "2023.10.10"]
[SourceVersion "1"]
[SourceVersionDate "2023.10.10"]
[SourceQuality "1"]

1. e4 c5 2. Nf3 d6 3. d4 cxd4 4. Nxd4 Nf6 5. Nc3 Nc6 6. Be2 g6 7. Be3 Bg7 8. f3 0-0 9. Qd2 d5 10. exd5 Nxd5 11. Nxc6 bxc6 12. Bd4 Nf4 13. Bxg7 Nxg2+ 14. Kd1 Qxd2+ 15. Kxd2 Kxg7 16. Bc4 Rd8+ 17. Ke2 Nf4+ 18. Ke3 e5 19. Rad1 Bf5 20. Ne4 Nd5+ 21. Kf2 Bxe4 22. fxe4 Nf6 23. Kf3 Kf8 24. a4 Ke7 25. a5 Rab8 26. b3 Ne8 27. h4 Nd6 28. Bd3 f5 29. h5 Rf8 30. exf5 gxf5 31. Rde1 Kf6 32. Ba6 Rg8 33. Rhg1 Rbd8 34. h6 Nf7 35. Rxg8 Rxg8 36. Bc4 Ng5+ 37. Ke2 Rd8 38. Rd1 Rxd1 39. Kxd1 e4 40. c3 Ke5 41. b4 f4 42. Bg8 f3 43. c4 e3 44. b5 f2 45. Ke2 Ne4 0-1

[Event "Titled Tuesday intern op 26th Sep Early"]
[Site "Chess.com INT"]
[Date "2023.09.26"]
[Round "3"]
[White "Bagwe, Gaurang"]
[Black "Sabatier, Mathis"]
[Result "1-0"]
[WhiteElo "2348"]
[BlackElo "2130"]
[PlyCount "63"]
[EventDate "2023.09.26"]
[EventType "swiss (blitz)"]
[EventRounds "11"]
[EventCountry "USA"]
[SourceTitle "EXT 2024"]
[Source "ChessBase"]
[SourceDate "2023.10.10"]
[SourceVersion "1"]
[SourceVersionDate "2023.10.10"]
[SourceQuality "1"]

1. c4 e5 2. d3 Nf6 3. Nf3 Nc6 4. a3 a5 5. Nc3 d6 6. g3 g6 7. Bg2 Bg7 8. 0-0 0-0 9. Bg5 h6 10. Bxf6 Qxf6 11. Nd5 Qd8 12. Nd2 f5 13. e3 Be6 14. Qb3 Qc8 15. Qb5 Kh7 16. b4 e4 17. d4 Bxd5 18. cxd5 Ne7 19. Rfc1 c6 20. dxc6 bxc6 21. Qc4 axb4 22. axb4 Rxa1 23. Rxa1 c5 24. bxc5 dxc5 25. Ra7 Nc6 26. Ra6 Nb4 27. Ra5 Nd3 28. dxc5 Rd8 29. Nb3 Nb2 30. Qa6 Rd1+ 31. Bf1 Qe6 32. Qxe6 1-0

[Event "Titled Tuesday intern op 26th Sep Early"]
[Site "Chess.com INT"]
[Date "2023.09.26"]
[Round "1"]
[White "Marchesich, Giovanni"]
[Black "Bagwe, Gaurang"]
[Result "0-1"]
[WhiteElo "2206"]
[BlackElo "2348"]
[PlyCount "104"]
[EventDate "2023.09.26"]
[EventType "swiss (blitz)"]
[EventRounds "11"]
[EventCountry "USA"]
[SourceTitle "EXT 2024"]
[Source "ChessBase"]
[SourceDate "2023.10.10"]
[SourceVersion "1"]
[SourceVersionDate "2023.10.10"]
[SourceQuality "1"]

1. e4 c6 2. Nf3 d5 3. exd5 cxd5 4. Ne5 Nc6 5. Bb5 Qb6 6. Nc3 Nf6 7. 0-0 e6 8. d4 a6 9. Bxc6+ bxc6 10. Na4 Qc7 11. f4 Bd6 12. Nc5 0-0 13. Be3 a5 14. Rf3 Ne4 15. Rh3 f6 16. Ned3 Qf7 17. Nxe4 dxe4 18. Nc5 e5 19. Nxe4 Bxh3 20. Nxd6 Qd5 21. gxh3 Qxd6 22. dxe5 Qxd1+ 23. Rxd1 fxe5 24. fxe5 Rad8 25. Re1 Rd5 26. Bf2 Rd2 27. Bg3 Re8 28. e6 Rxc2 29. e7 Rxb2 30. Bh4 Rd2 31. Rc1 Rd6 32. Rc5 a4 33. Ra5 h6 34. Rxa4 g5 35. Bg3 Rd1+ 36. Kf2 Rxe7 37. Ra8+ Kg7 38. a4 Rd2+ 39. Kf3 Rd3+ 40. Kg4 Kg6 41. Rg8+ Rg7 42. Rxg7+ Kxg7 43. a5 Ra3 44. Bc7 c5 45. Kf5 c4 46. Ke4 c3 47. Kd3 Kg6 48. Kc2 Kh5 49. Bb6 Kh4 50. Kd3 Kxh3 51. Bc7 h5 52. Kc4 c2 0-1

[Event "Titled Tuesday intern op 19th Sep Early"]
[Site "Chess.com INT"]
[Date "2023.09.19"]
[Round "4"]
[White "Paravyan, David"]
[Black "Bagwe, Gaurang"]
[Result "1-0"]
[WhiteElo "2599"]
[BlackElo "2348"]
[PlyCount "113"]
[EventDate "2023.09.19"]
[EventType "swiss (blitz)"]
[EventRounds "11"]
[EventCountry "USA"]
[SourceTitle "EXT 2024"]
[Source "ChessBase"]
[SourceDate "2023.10.10"]
[SourceVersion "1"]
[SourceVersionDate "2023.10.10"]
[SourceQuality "1"]

1. e4 c5 2. Nf3 d6 3. d4 cxd4 4. Nxd4 Nf6 5. Nc3 a6 6. f3 e6 7. g4 b5 8. a3 Bb7 9. Be3 Nfd7 10. h4 Nb6 11. g5 N8d7 12. Qd2 Rc8 13. Rh3 Be7 14. 0-0-0 Ne5 15. Qe1 Nec4 16. Bf2 d5 17. exd5 Nxd5 18. f4 0-0 19. Nxe6 Qd6 20. Nxf8 Qxf4+ 21. Kb1 Nxc3+ 22. Rxc3 Bxf8 23. Bxc4 bxc4 24. Bg3 Qf5 25. Qf2 Qg6 26. Qe2 Qc6 27. h5 a5 28. h6 a4 29. Be5 Qe6 30. hxg7 Bxg7 31. Re3 Re8 32. Re1 Qb6 33. Bxg7 Rxe3 34. Qxe3 Qxe3 35. Rxe3 Kxg7 36. Kc1 Kg6 37. Re5 Bc8 38. Ra5 Bd7 39. Kd2 f6 40. gxf6 Kxf6 41. Ke3 h5 42. Rxh5 Bf5 43. Rxf5+ Kxf5 44. Kd4 c3 45. Kxc3 Ke5 46. Kb4 Kd4 47. Kxa4 Kc4 48. c3 Kc5 49. Kb3 Kb6 50. Kc2 Ka7 51. b3 Kb7 52. Kd2 Kb8 53. Ke3 Ka8 54. Kf4 Kb7 55. Ke5 Kc6 56. c4 Kc5 57. Ke4 1-0

[Event "Titled Tuesday intern op 19th Sep Early"]
[Site "Chess.com INT"]
[Date "2023.09.19"]
[Round "10"]
[White "Wu, Derek"]
[Black "Bagwe, Gaurang"]
[Result "1-0"]
[WhiteElo "2255"]
[BlackElo "2348"]
[PlyCount "103"]
[EventDate "2023.09.19"]
[EventType "swiss (blitz)"]
[EventRounds "11"]
[EventCountry "USA"]
[SourceTitle "EXT 2024"]
[Source "ChessBase"]
[SourceDate "2023.10.10"]
[SourceVersion "1"]
[SourceVersionDate "2023.10.10"]
[SourceQuality "1"]

1. d4 d5 2. c4 c6 3. Nf3 Nf6 4. Nc3 dxc4 5. a4 Bf5 6. Ne5 e6 7. f3 Bb4 8. e4 Bxe4 9. fxe4 Nxe4 10. Bd2 Qxd4 11. Nxe4 Qxe4+ 12. Qe2 Bxd2+ 13. Kxd2 Qd5+ 14. Kc2 Na6 15. Rd1 Nb4+ 16. Kb1 Qa5 17. Qxc4 0-0 18. Qb3 Rfd8 19. Nd3 Nd5 20. Be2 Rac8 21. Bf3 b6 22. Rc1 c5 23. Qb5 Qd2 24. Rhd1 Qe3 25. Bxd5 exd5 26. a5 c4 27. Nb4 Rc5 28. Qa4 Rxa5 29. Qc2 h6 30. Nc6 Rd6 31. Nxa5 bxa5 32. Qd2 Qe4+ 33. Qc2 Qe5 34. Re1 f6 35. Rxe5 fxe5 36. Qf5 e4 37. Rd1 e3 38. Rxd5 e2 39. Qe4 e1Q+ 40. Qxe1 Rxd5 41. Qe6+ Kh7 42. Qxd5 c3 43. bxc3 h5 44. Qxh5+ Kg8 45. Qg6 a4 46. c4 a3 47. c5 a2+ 48. Ka1 a5 49. c6 Kf8 50. c7 Ke7 51. c8Q a4 52. Qge6# 1-0

[Event "Titled Tuesday intern op 05th Sep Early"]
[Site "Chess.com INT"]
[Date "2023.09.05"]
[Round "5"]
[White "Bagwe, Gaurang"]
[Black "Gharibyan, Mamikon"]
[Result "1/2-1/2"]
[WhiteElo "2348"]
[BlackElo "2495"]
[PlyCount "60"]
[EventDate "2023.09.05"]
[EventType "swiss (blitz)"]
[EventRounds "11"]
[EventCountry "USA"]
[SourceTitle "EXT 2024"]
[Source "ChessBase"]
[SourceDate "2023.10.10"]
[SourceVersion "1"]
[SourceVersionDate "2023.10.10"]
[SourceQuality "1"]

1. d4 d5 2. Nf3 Nf6 3. c4 e6 4. g3 Bb4+ 5. Bd2 Be7 6. Bg2 0-0 7. 0-0 Nbd7 8. Qc2 c6 9. Rd1 b6 10. Bf4 Nh5 11. Bc1 Nhf6 12. Bf4 a5 13. Nbd2 Nh5 14. Be3 Ba6 15. Rac1 Rc8 16. b3 Ba3 17. Rb1 c5 18. dxc5 bxc5 19. cxd5 exd5 20. Ng5 Nhf6 21. Bxd5 h6 22. Nxf7 Rxf7 23. Bxf7+ Kxf7 24. Nc4 Bxc4 25. Qxc4+ Kg6 26. Rd6 Qe8 27. Qc2+ Kf7 28. Qc4+ Kg6 29. Qc2+ Kf7 30. Qc4+ Kg6 1/2-1/2

[Event "Titled Tuesday intern op 05th Sep Early"]
[Site "Chess.com INT"]
[Date "2023.09.05"]
[Round "4"]
[White "Klukin, Kirill"]
[Black "Bagwe, Gaurang"]
[Result "1/2-1/2"]
[WhiteElo "2390"]
[BlackElo "2348"]
[PlyCount "177"]
[EventDate "2023.09.05"]
[EventType "swiss (blitz)"]
[EventRounds "11"]
[EventCountry "USA"]
[SourceTitle "EXT 2024"]
[Source "ChessBase"]
[SourceDate "2023.10.10"]
[SourceVersion "1"]
[SourceVersionDate "2023.10.10"]
[SourceQuality "1"]

1. c4 e6 2. Nc3 d5 3. d4 Nf6 4. Bg5 Be7 5. Nf3 0-0 6. e3 b6 7. cxd5 Nxd5 8. Bxe7 Qxe7 9. Be2 Bb7 10. 0-0 Nd7 11. Rc1 c5 12. Bb5 Rfd8 13. Qe2 a6 14. Bxd7 Rxd7 15. dxc5 Qxc5 16. Nxd5 Qxd5 17. Rfd1 Qb5 18. Qxb5 Rxd1+ 19. Rxd1 axb5 20. a3 Bxf3 21. gxf3 Kf8 22. Rd6 Rb8 23. Rd7 Rc8 24. Rb7 Rc6 25. f4 g6 26. Kg2 h5 27. Kf3 Kg7 28. Kg3 Kf6 29. Rb8 Rc2 30. b4 Rc6 31. Kf3 Ke7 32. Rb7+ Kf6 33. h3 Kg7 34. Ke4 Kf6 35. Kd3 Rd6+ 36. Kc3 Rc6+ 37. Kd3 Rd6+ 38. Ke4 Rc6 39. h4 Rd6 40. Rc7 Rd2 41. Kf3 Rd3 42. Rc6 Rxa3 43. Rxb6 Ra1 44. Rxb5 Rh1 45. Kg3 Rg1+ 46. Kh2 Rf1 47. Kg2 Rb1 48. Rb7 e5 49. fxe5+ Kxe5 50. Kf3 Kf6 51. Kf4 Rh1 52. Rb6+ Kg7 53. Kg3 Rg1+ 54. Kh2 Rg4 55. Kh3 Rg1 56. Rc6 Rh1+ 57. Kg3 Rg1+ 58. Kh2 Rg4 59. b5 Rxh4+ 60. Kg3 Rb4 61. b6 g5 62. f3 Rb3 63. Kf2 Rb2+ 64. Kg3 h4+ 65. Kh3 Rb3 66. Kg4 f6 67. e4 Kg6 68. e5 Rb4+ 69. Kh3 Kf5 70. exf6 Kg6 71. Kg2 Rb2+ 72. Kh3 Rb3 73. Rd6 Rxf3+ 74. Kg2 Rb3 75. Kf2 g4 76. Kg2 Rb2+ 77. Kg1 g3 78. f7+ Kxf7 79. Rh6 Rb4 80. Kg2 Kg7 81. Rh5 Rb2+ 82. Kg1 Rb4 83. b7 Kg6 84. Rxh4 Rxb7 85. Rg4+ Kf5 86. Rxg3 Kf4 87. Ra3 Rb1+ 88. Kf2 Rb2+ 89. Ke1 1/2-1/2

[Event "Titled Tuesday intern op 05th Sep Early"]
[Site "Chess.com INT"]
[Date "2023.09.05"]
[Round "11"]
[White "Stork, Oliver"]
[Black "Bagwe, Gaurang"]
[Result "0-1"]
[WhiteElo "2282"]
[BlackElo "2348"]
[PlyCount "80"]
[EventDate "2023.09.05"]
[EventType "swiss (blitz)"]
[EventRounds "11"]
[EventCountry "USA"]
[SourceTitle "EXT 2024"]
[Source "ChessBase"]
[SourceDate "2023.10.10"]
[SourceVersion "1"]
[SourceVersionDate "2023.10.10"]
[SourceQuality "1"]

1. e4 c5 2. Nc3 Nc6 3. g3 e6 4. Bg2 Nge7 5. Nge2 d5 6. exd5 Nxd5 7. Nxd5 exd5 8. d4 c4 9. 0-0 Bd6 10. Bxd5 0-0 11. Bg2 Bf5 12. Re1 Nb4 13. c3 Nc2 14. Bf4 Nxe1 15. Qxe1 Re8 16. Bxd6 Qxd6 17. Qd2 Bd3 18. Nf4 Qh6 19. Rd1 Qa6 20. Nxd3 cxd3 21. Qxd3 Re1+ 22. Bf1 Rxd1 23. Qxd1 Qxa2 24. Qd2 Rd8 25. h4 h6 26. Bd3 a5 27. Bc2 Qe6 28. Qd3 g6 29. Qb5 Qd5 30. Qb6 Rd6 31. Qc7 Re6 32. Bd3 Re1+ 33. Bf1 Qb5 34. c4 Qxb2 35. Qd8+ Kg7 36. Kg2 Qb1 37. Qd6 Qe4+ 38. f3 Qc2+ 39. Kh3 Qf2 40. Qe5+ Rxe5 0-1

[Event "Titled Tuesday intern op 05th Sep Early"]
[Site "Chess.com INT"]
[Date "2023.09.05"]
[Round "2"]
[White "Vakhlamov, Igor L"]
[Black "Bagwe, Gaurang"]
[Result "1-0"]
[WhiteElo "2413"]
[BlackElo "2348"]
[PlyCount "113"]
[EventDate "2023.09.05"]
[EventType "swiss (blitz)"]
[EventRounds "11"]
[EventCountry "USA"]
[SourceTitle "EXT 2024"]
[Source "ChessBase"]
[SourceDate "2023.10.10"]
[SourceVersion "1"]
[SourceVersionDate "2023.10.10"]
[SourceQuality "1"]

1. e4 c5 2. Nc3 Nc6 3. Nf3 e6 4. d4 cxd4 5. Nxd4 Nf6 6. Bf4 d6 7. Nxc6 bxc6 8. e5 Nd5 9. Nxd5 cxd5 10. Bd3 Ba6 11. 0-0 Bxd3 12. Qxd3 Be7 13. Qg3 dxe5 14. Bxe5 Bf6 15. Bd6 Qb6 16. c4 dxc4 17. Rac1 Rc8 18. Rc2 Rc6 19. Ba3 Kd7 20. Rfc1 Rhc8 21. h3 Ke8 22. Qg4 Qb5 23. Qe4 g6 24. Qe3 a5 25. Qh6 Be7 26. Bxe7 Kxe7 27. Qxh7 a4 28. Rd1 Qf5 29. Rcd2 R6c7 30. Qh4+ g5 31. Qd4 Qf6 32. Qd6+ Ke8 33. Qb4 a3 34. Qxa3 c3 35. bxc3 Qxc3 36. Qd6 Qf6 37. a4 Qe7 38. Qd4 e5 39. Qg4 Rc1 40. Kh2 e4 41. g3 Kf8 42. Qh5 Kg7 43. Rd7 Qf6 44. Qe2 R1c2 45. R1d2 Rxd2 46. Rxd2 Re8 47. Qe3 Re5 48. Ra2 Rf5 49. a5 Qe6 50. Qc3+ Kg6 51. Qd2 Rf3 52. a6 g4 53. h4 e3 54. fxe3 Qe5 55. Qd3+ Kh5 56. Rg2 Rxe3 57. Qh7# 1-0

[Event "Arandjelovac op 2nd"]
[Site "Arandjelovac"]
[Date "2023.08.05"]
[Round "8"]
[White "Bagwe, Gaurang"]
[Black "Nagarkatte, Vedant"]
[Result "1/2-1/2"]
[WhiteElo "2269"]
[BlackElo "2218"]
[PlyCount "32"]
[EventDate "2023.07.31"]
[EventType "swiss"]
[EventRounds "9"]
[EventCountry "SRB"]
[SourceTitle "CBM 215 Extra"]
[Source "ChessBase"]
[SourceDate "2023.09.30"]
[SourceVersion "1"]
[SourceVersionDate "2023.09.30"]
[SourceQuality "1"]

1. e4 c5 2. c3 Nf6 3. e5 Nd5 4. Nf3 Nc6 5. Bc4 Nb6 6. Bb3 d5 7. exd6 Qxd6 8. d4 cxd4 9. cxd4 Be6 10. Nc3 Bxb3 11. Qxb3 e6 12. 0-0 Be7 13. Rd1 0-0 14. d5 exd5 15. Nxd5 Nxd5 16. Rxd5 Qb4 1/2-1/2

[Event "AUT-ch"]
[Site "Vienna"]
[Date "2023.07.30"]
[Round "9"]
[White "Bagwe, Gaurang"]
[Black "Schroll, Gerhard"]
[Result "1-0"]
[WhiteElo "2205"]
[BlackElo "2242"]
[PlyCount "107"]
[EventDate "2023.07.22"]
[EventType "swiss"]
[EventRounds "9"]
[EventCountry "AUT"]
[SourceTitle "CBM 215 Extra"]
[Source "ChessBase"]
[SourceDate "2023.09.30"]
[SourceVersion "1"]
[SourceVersionDate "2023.09.30"]
[SourceQuality "1"]

1. e4 Nc6 2. Nf3 e6 3. d4 d5 4. Nbd2 Nf6 5. e5 Nd7 6. c3 b6 7. Bd3 Ncb8 8. b4 c5 9. Rb1 c4 10. Bc2 b5 11. 0-0 a5 12. a3 Nb6 13. Ne1 axb4 14. axb4 h5 15. f4 g6 16. Ndf3 Nc6 17. g3 Be7 18. Ng2 Qc7 19. Bd2 Bd7 20. Ng5 Bxg5 21. fxg5 Nd8 22. Ra1 Rxa1 23. Qxa1 Bc6 24. Qa6 Kd7 25. h4 Qb7 26. Qxb7+ Bxb7 27. Kh2 Nc8 28. g4 hxg4 29. Kg3 Ne7 30. Kxg4 Nf5 31. Rh1 Nc6 32. Nf4 Nce7 33. h5 gxh5+ 34. Nxh5 Kc7 35. Bb1 Bc8 36. Rh3 Ng6 37. Nf6 Rxh3 38. Kxh3 Ng7 39. Kg4 Kd8 40. Nh5 Nxh5 41. Kxh5 Ne7 42. Kh6 Ke8 43. Kg7 Bd7 44. Bc2 Bc8 45. Bd1 Nf5+ 46. Kf6 Ng3 47. Bf4 Ne4+ 48. Kg7 Nxc3 49. Bh5 Ke7 50. Bxf7 Ne2 51. Be3 c3 52. g6 c2 53. Bg5+ Kd7 54. Kh8 1-0

[Event "AUT-ch"]
[Site "Vienna"]
[Date "2023.07.26"]
[Round "5"]
[White "Bagwe, Gaurang"]
[Black "Schwabeneder, Florian"]
[Result "0-1"]
[WhiteElo "2205"]
[BlackElo "2389"]
[PlyCount "116"]
[EventDate "2023.07.22"]
[EventType "swiss"]
[EventRounds "9"]
[EventCountry "AUT"]
[SourceTitle "CBM 215 Extra"]
[Source "ChessBase"]
[SourceDate "2023.09.30"]
[SourceVersion "1"]
[SourceVersionDate "2023.09.30"]
[SourceQuality "1"]

1. e4 e5 2. Nf3 Nc6 3. Bb5 a6 4. Ba4 d6 5. c3 Bd7 6. 0-0 g6 7. d4 Bg7 8. d5 Nce7 9. Bxd7+ Qxd7 10. c4 h6 11. Nc3 f5 12. Nd2 Nf6 13. b4 0-0 14. a4 c6 15. Ba3 cxd5 16. exd5 e4 17. h3 Nh5 18. Ne2 f4 19. f3 exf3 20. Nxf3 Nf5 21. Ned4 Ne3 22. Qd3 Nxf1 23. Rxf1 Ng3 24. Re1 Nf5 25. Ne6 Rfe8 26. a5 Re7 27. h4 Rf7 28. Bc1 Qa4 29. Bxf4 Qxb4 30. Bd2 Qb2 31. g4 Ne7 32. Nfd4 Be5 33. Rxe5 dxe5 34. d6 Qa1+ 35. Kg2 Qd1 36. dxe7 Qxg4+ 37. Qg3 Qxg3+ 38. Kxg3 Rxe7 39. Bxh6 exd4 40. Nxd4 Re4 41. Nf3 Rxc4 42. Ne5 Rc5 43. Bf4 Rxe5 44. Bxe5 Rc8 45. Bd4 Rc4 46. Bb6 Kf7 47. Bf2 Ke6 48. Bb6 Kf5 49. Bd8 Rc3+ 50. Kf2 Rd3 51. Be7 Kg4 52. Ke2 Rd5 53. Bb4 Kxh4 54. Ke3 g5 55. Ke4 Rb5 56. Be1+ Kh3 57. Kf3 g4+ 58. Kf2 g3+ 0-1

[Event "Piestany op-A"]
[Site "Piestany"]
[Date "2023.07.19"]
[Round "9"]
[White "Bagwe, Gaurang"]
[Black "Jaiveer, Mahendru"]
[Result "1-0"]
[WhiteElo "2205"]
[BlackElo "2005"]
[PlyCount "85"]
[EventDate "2023.07.11"]
[EventType "swiss"]
[EventRounds "9"]
[EventCountry "SVK"]
[SourceTitle "EXT 2024"]
[Source "ChessBase"]
[SourceDate "2023.10.10"]
[SourceVersion "1"]
[SourceVersionDate "2023.10.10"]
[SourceQuality "1"]

1. e4 c5 2. Nf3 d6 3. d4 cxd4 4. Nxd4 Nf6 5. Nc3 a6 6. f3 e5 7. Nb3 h5 8. Be3 Be6 9. Qd2 Be7 10. Nd5 Nxd5 11. exd5 Bf5 12. Be2 Nd7 13. Na5 Qc7 14. 0-0 Bd8 15. b4 Rc8 16. c4 Qb8 17. Nb3 Bg6 18. c5 0-0 19. Rac1 f5 20. a4 f4 21. Bf2 Nf6 22. Bd3 e4 23. fxe4 Bxe4 24. Bxe4 Nxe4 25. Qe2 Nxf2 26. Rxf2 a5 27. Qe6+ Kh8 28. b5 dxc5 29. Rxc5 Rxc5 30. Nxc5 Bf6 31. Nd7 Qc8 32. Nxf6 Qxe6 33. dxe6 gxf6 34. Rxf4 Kg7 35. Rc4 Re8 36. Rc7+ Kg8 37. Rxb7 Rxe6 38. Ra7 Re2 39. Rxa5 Rb2 40. Ra7 h4 41. h3 Kf8 42. Rb7 Ra2 43. b6 1-0